Statistics for GCSE Food Tech - Minerals - Chemical Names

Click here to take the quiz!

General Stats

  • This quiz has been taken 42 times
  • The average score is 3 of 10

Answer Stats

VitaminFat or Water Soluble?Chemical Name% Correct
CWater SolubleAscorbic Acid
80%
B3Water SolubleNiacin
47%
B2Water SolubleRiboflavin
47%
B1Water SolubleThiamine
40%
AFat SolubleRetinol
33%
B9Water SolubleFolate
20%
DFat SolubleCholecalciferol
13%
B12Water SolubleCobalamin
13%
EFat SolubleTocopherol
7%
KFat SolublePhylloquinone
0%

Score Distribution

Percentile by Number Answered

Percent of People with Each Score

Your Score History

You have not taken this quiz